| 000 | 00000nam##2200000za#4500 |
| 001 | 9.570694 |
| 003 | CaOODSP |
| 005 | 20210624182351 |
| 007 | cr ||||||||||| |
| 008 | 150406|2006||||xxc|||||o f|0| 0 eng|d |
| 022 | |a1919-5087 |
| 040 | |aCaOODSP|beng |
| 043 | |an-cn--- |
| 086 | 1 |aFs70-6/2006-035E-PDF |
| 110 | 1 |aCanada. |bDepartment of Fisheries and Oceans. |bNewfoundland and Labrador Region. |
| 245 | 10|a2005 state of the ocean : |h[electronic resource]|bchemical and biological oceanographic conditions in the Newfoundland and Labrador region |
| 246 | 1 |aNewfoundland and Labrador region - chemical and biological oceanography |
| 260 | |aSt. John's - Newfoundland and Labrador : |bFisheries and Oceans Canada. |cSeptember 2006. |
| 300 | |a8p.|bcoloured map, figs. (some coloured), graphs, illus., references |
| 490 | 1 |aCanadian Science Advisory Secretariat science advisory report|x1919-5087|v2006/035, Newfoundland and Labrador Region |
| 590 | |a11-15-Supp|b2011-08-22 |
| 775 | 08|tÉtat de l'océan en 2005 : |w(CaOODSP)9.601342 |
| 830 | #0|aScience advisory report (Canadian Science Advisory Secretariat)|x1919-5087|v2006/035, Newfoundland and Labrador Region|w(CaOODSP)9.506226 |
| 856 | 40|ahttp://publications.gc.ca|qPDF|s177 KB|uhttps://publications.gc.ca/collections/collection_2011/mpo-dfo/Fs70-6-2006-035-eng.pdf|y2006/035, Newfoundland and Labrador Region |